Sports Quiz

Random Sports or Football Quiz

NFL 2014 Season Stat Leaders Week 11 Quiz Stats

 Plays Quiz not verified by Sporcle

Challenge
Share
Tweet
Embed
Score 0/15 Timer 02:00
0 Plays Today
Position Player % Correct
Passing Yards (Week 11)Peyton Manning
99.1%
Passing Yards (Week 11)Aaron Rodgers
98.7%
Passing Yards (Week 11)Jay Cutler
98.3%
Passing Yards (Week 11)Mark Sanchez
97.4%
Rushing Yards (Week 11)Le'Veon Bell
95.6%
Passing Yards (Week 11)Brian Hoyer
94.8%
Rushing Yards (Week 11)Jamaal Charles
94.8%
Receiving Yards (Week 11)Alshon Jeffery
87.3%
Position Player % Correct
Receiving Yards (Week 11)Mike Evans
86.9%
Receiving Yards (Week 11)Randall Cobb
86.9%
Rushing Yards (Week 11)Jonas Gray
83.8%
Rushing Yards (Week 11)Jeremy Hill
79%
Receiving Yards (Week 11)Coby Fleener
73.4%
Rushing Yards (Week 11)Alfred Blue
72.1%
Receiving Yards (Week 11)Kenny Britt
57.2%

You're not logged in!

Compare scores with friends on all Sporcle quizzes.
Join for Free
OR
Log In

You Might Also Like...

Show Comments

Extras

Top Quizzes Today


Score Distribution

Your Account Isn't Verified!

In order to create a playlist on Sporcle, you need to verify the email address you used during registration. Go to your Sporcle Settings to finish the process.

Report this User

Report this user for behavior that violates our Community Guidelines.

Details: